| 000 | 00709nam a2200217Ia 4500 | ||
|---|---|---|---|
| 001 | 15183 | ||
| 003 | GE_BSU | ||
| 008 | 181216s||||||||xx |||||||||||||| ||und|| | ||
| 040 | _cGE_BSU | ||
| 080 | _a821.353.1-1 | ||
| 100 | _aშამანაძე, ნოდარ | ||
| 245 | _aსულმა სულში ჩაიხედა | ||
| 245 | _bლექსები | ||
| 245 | _cრედ:ალიო ადამია;მხატვ:გ.ვაჩნაძე | ||
| 260 | _aთბილისი. | ||
| 260 | _bლიტერატურა და ხელოვნება | ||
| 260 | _c1964 | ||
| 300 | _a64გვ;ფოტო;17სმ. | ||
| 653 | _aლექსები | ||
| 942 | _cBK | ||
| 999 |
_c48296 _d48296 |
||